000 00505nam a22001932 4500
001 0000001539
005 20170406113520.0
008 140116s xx 000 0 eng d
020 _c$
040 _aYour Holding Symbol
_cYour Holding Symbol
100 1 _aShamuyarira,,M.Nathan.
245 1 0 _aCrisis in rhodisia.
250 _a ed.
260 _alondon :
_bAndre Deutsch,
_c1965.
300 _a240 p. ;
_c cm.
504 _aindex.
650 0 _aCRISS IN RHODESIA.
908 _a140116
999 _c1451
_d1451